[Event "IIFL Wealth 4th Mumbai GM"]
[Site "Mumbai"]
[Date "2018.12.31"]
[Round "2"]
[White "Samant Aditya S"]
[Black "Saptarshi, Roy"]
[Result "0-1"]
[WhiteElo "2205"]
[BlackElo "2494"]
[Annotator "TA"]
[PlyCount "110"]
[EventDate "2018.12.30"]
[EventType "swiss"]
[EventCountry "IND"]
[SourceTitle "playchess.com"]
[Source "ChessBase"]
[SourceQuality "1"]

{[%evp 35,110,123,106,104,126,64,68,72,105,86,72,51,94,72,122,45,177,0,7,0,22,-104,-105,-109,-110,-118,-100,-101,-32,-62,-2,-15,-8,-76,-83,-83,-87,-73,-87,-82,-84,-151,-140,-164,-181,-170,-83,-207,-242,-364,-350,-347,-335,-348,-282,-330,-368,-422,-349,-488,-457,-492,-471,-559,-435,-395,-363,-638,-625,-576,-564,-733,-700,-714,-695,-793,-791]} 1. e4 e5 2. Nf3 Nc6 3. Bb5 a6 4. Ba4 Nf6 5. O-O Nxe4 6. d4 b5 7. Bb3 d5 8. dxe5 Be6 9. Be3 Be7 10. c3 Nc5 11. Bc2 Nd7 12. Re1 Ndxe5 13. Nxe5 Nxe5 14. Bd4 Nc6 15. Bxg7 {C83: Open Ruy Lopez: 9 c3 Be7} Rg8 16. Qh5 Kd7 17. Bh6 Bc5 18. Nd2 Qf6 {LiveBook: 4 Games} 19. Be3 Bd6 {[#]} 20. a4 $146 (20. g3 $16) ({Predecessor:} 20. g3 Rg4 21. Kh1 Rag8 22. f4 Kc8 {½-½ (66) Dominguez Perez,L (2658)-Bruzon Batista,L (2669) Santa Clara 2005}) 20... b4 $14 21. a5 Kc8 22. Nf3 (22. Bxh7 Rh8 $17) 22... Kb7 23. Kh1 ({Avoid the trap} 23. Bxh7 $2 Bg4 $19) 23... Bf4 24. Ba4 ({But not} 24. Bxh7 $6 Rh8 $11) 24... Nxa5 25. cxb4 (25. Nd4 $16) 25... Nc4 (25... Bxe3 $14 26. fxe3 Qxb2 {[%mdl 64] Double Attack}) 26. Bxf4 $2 (26. Nd4 $18 Kb8 27. Nc6+ (27. Qxh7 Rh8 $11) 27... Kb7 28. Bxf4 {[%mdl 64] Overworked Piece} Qxf4 29. Ne7 {[%mdl 64] Double Attack}) 26... Qxf4 $40 {[%mdl 128] Black mounts an attack.} 27. b3 Nb6 28. Rac1 (28. Qe5 $11 Qxe5 29. Nxe5 Nxa4 30. bxa4) 28... Nxa4 $17 29. bxa4 {[#]} Qg4 $1 {[%cal Rg4g2]} 30. Qxg4 Rxg4 31. Rb1 {[#]} Bf5 (31... a5 $1 $17 {[%mdl 512]} 32. bxa5+ Kc8) 32. Rb2 Be4 ({Black should try} 32... Rag8 $15 33. g3 Be4) 33. h3 $11 Rg6 34. Rb3 (34. Ne5 $1 $11 {remains equal.} Bxg2+ {[%mdl 64] Double Attack} 35. Kh2) 34... Rag8 $17 35. Nh4 Rh6 36. Nf3 Rf6 37. Kh2 Rf4 38. b5 ({White should play} 38. Re2) 38... Bxf3 39. bxa6+ Kxa6 40. gxf3 Rxa4 {[%mdl 4096] Endgame KRR-KRR} (40... Rc4 $19 41. Re7 Rd8) 41. Rb2 (41. Re7 $17 {might work better.}) 41... c5 $19 42. Re7 (42. Reb1 {was necessary.}) 42... Rb4 43. Ra2+ Kb5 44. Rxf7 h5 45. f4 d4 46. Rd2 Rb3 47. Rf5 {intending Rxd4.} Kb4 48. Rd5 Rf3 49. Rc2 Rc3 50. Rd2 Kc4 51. Rxh5 $2 (51. Rg5 Rf8 52. Rxh5) 51... d3 {[%cal Bd4d3,Bd3d2][%mdl 32] Black is clearly winning.} 52. Rg5 Rd8 53. Kg2 Rc2 54. Rd1 d2 55. Kf1 Re8 {Accuracy: White = 35%, Black = 54%.} 0-1

[Event "IIFL Wealth 4th Mumbai GM"]
[Site "Mumbai"]
[Date "2018.12.31"]
[Round "2"]
[White "Mrudul Dehankar"]
[Black "Mosadeghpour, Masoud"]
[Result "0-1"]
[WhiteElo "2199"]
[BlackElo "2520"]
[Annotator "TA"]
[PlyCount "72"]
[EventDate "2018.12.30"]
[EventType "swiss"]
[EventCountry "IND"]
[SourceTitle "playchess.com"]
[Source "ChessBase"]
[SourceQuality "1"]

{[%evp 35,72,36,29,0,0,-4,0,-2,0,-104,-98,-104,-82,-96,-71,-87,-47,-64,-108,-101,-105,-250,-208,-248,-105,-205,-181,-391,-417,-805,-489,-476,-459,-1028,-977,-3741,-3392,-29990,-2066]} 1. d4 e6 2. e4 d5 3. Nd2 Nf6 4. Bd3 c5 5. e5 Nfd7 6. c3 Nc6 7. Ne2 cxd4 8. cxd4 f6 9. Nf4 Nxd4 10. Qh5+ Ke7 11. exf6+ Nxf6 12. Ng6+ hxg6 13. Qxh8 Kf7 14. O-O e5 15. Nb3 Nxb3 {C06: French Tarrasch: 3...Nf6 4 e5 Nfd7 5 Bd3 main lines} 16. axb3 Bf5 17. Bxf5 gxf5 18. Bg5 Bc5 {[%cal Bf8c5,Bc5b6,Bb6a5][%mdl 32] LiveBook: 34 Games} 19. Qh4 (19. Qh3 Qd7 20. Bxf6 Kxf6 21. Rfe1 Re8 22. Qh4+ Kf7 23. Qh5+ {1-0 (47) Aravindh,C (2617)-Gallego Alcaraz,A (2461) Moscow 2018}) 19... Qd6 20. Kh1 $146 ({Predecessor:} 20. Bxf6 Qxf6 21. Qh5+ Ke6 22. Rac1 Bb6 {0-1 (42) Patel,P (1741)-Leidorf,S (2083) St Petersburg 2017}) 20... Bb6 21. Rad1 d4 22. f3 (22. Qh3 $11 {keeps the balance.}) 22... Nd5 $1 $17 {[%mdl 1024] Black has strong compensation.} 23. Rfe1 Re8 24. Re2 Qg6 25. Rde1 Ba5 26. Rd1 f4 27. g3 {[%cal Rg3f4]} Ne3 $36 {[%mdl 2048] Black is on the roll.} 28. Ra1 (28. Rg1 $17 Nf5 29. Qg4) 28... Bb6 $1 $19 29. gxf4 d3 (29... e4 $1 $19 {has better winning chances.} 30. f5 Nxf5) 30. Rd2 {[#]} (30. f5 $17 {keeps fighting.} Qxf5 31. Bxe3) 30... e4 $1 {Hoping for ...Kg8.} 31. Qh3 $2 (31. f5 {only move.} Nxf5 32. Qf4) 31... Qc6 32. Bh4 {[#]} (32. Qh5+ $142 Kg8 33. Bh4) 32... Ba5 $1 {[%mdl 512]} 33. Rf2 (33. Rxa5 Qc1+) 33... d2 34. Rff1 (34. Rg1 $142 Kg8 35. Rfg2 (35. Qg3 $2 Nf5 $19) 35... Nxg2 36. Qxg2) 34... Nxf1 35. Qf5+ Kg8 36. Rxf1 e3 {Accuracy: White = 29%, Black = 73%.} (36... exf3 $142 37. h3 Re1 38. Kh2 Rxf1 39. Qd3 d1=Q 40. Qxd1 Rxd1 41. Bg5 {[#]} Rg1 $1 {[%mdl 512]} 42. Kxg1 Qc2 {[%mdl 64] Double Attack} 43. h4 Qg2#) 0-1

[Event "IIFL Wealth 4th Mumbai GM"]
[Site "Mumbai"]
[Date "2018.12.31"]
[Round "2"]
[White "Senthil Maran K"]
[Black "Deviatkin, Andrei"]
[Result "1/2-1/2"]
[WhiteElo "2197"]
[BlackElo "2464"]
[Annotator "TA"]
[PlyCount "87"]
[EventDate "2018.12.30"]
[EventType "swiss"]
[EventCountry "IND"]
[SourceTitle "playchess.com"]
[Source "ChessBase"]
[SourceQuality "1"]

{[%evp 9,87,12,44,10,10,10,8,5,21,18,22,18,29,11,20,14,14,14,30,0,0,0,0,-9,-1,-20,-2,-22,-9,-11,-3,-6,-22,-36,-35,-28,-29,-25,-18,-29,-13,-10,0,0,0,-67,-15,-22,-18,-17,22,31,239,228,222,68,93,84,70,0,0,0,0,0,0,0,0,0,0,0,12,0,0,0,0,0,10,0,0,0]} 1. Nf3 b6 2. e4 Bb7 3. Bc4 (3. Nc3 e6 4. d4 Bb4 5. Bd3 Nf6 6. Qe2 d5 7. exd5 Qxd5 8. O-O Bxc3 9. bxc3 Nbd7 10. c4 Qh5 11. Bf4 Rc8 12. a4 a5 13. Rab1 O-O 14. Rb5 c5 15. dxc5 Rxc5 {0-1 (29) Eljanov,P (2734)-Carlsen,M (2827) Douglas 2017}) 3... e6 4. Qe2 Bxe4 5. Qxe4 d5 6. Qe2 $146 {[#] Black must now prevent Bb3. B00: Queen's Fianchetto Defence, Nimzowitsch Defence} (6. Bxd5 $5 Qxd5 7. Qxd5 exd5 8. Nc3 $14) ({Predecessor:} 6. Bxd5 Qxd5 7. Qe2 Nf6 8. Nc3 Qb7 9. b3 Nbd7 10. Bb2 Be7 11. O-O-O a5 12. d4 c6 13. Ne5 O-O {½-½ (13) Ruck,R (2575)-Dizdarevic,E (2495) Bol 2013}) 6... dxc4 7. O-O Nf6 8. Qxc4 c6 9. d4 Qc7 10. Re1 Bd6 11. Bg5 Nbd7 12. Nbd2 b5 13. Qe2 O-O 14. Ne4 Nxe4 15. Qxe4 Nb6 16. Qg4 Nd5 17. h4 Rae8 18. Re2 a5 19. h5 a4 20. a3 Kh8 21. Rae1 h6 22. Bd2 c5 23. c3 cxd4 24. Nxd4 Qc4 25. Qf3 Rb8 26. g4 Bc5 27. g5 (27. Re4 $11) 27... hxg5 (27... Bxd4 $15 28. Re4 {[%mdl 64] [#] Pin} Bxf2+ $1 {[%mdl 512]} 29. Qxf2 Qc7) 28. Bxg5 $11 Bxd4 29. cxd4 b4 30. h6 Rg8 $2 ({Reject} 30... Qxd4 $6 31. Rd2 $16) (30... g6 $1 $14) 31. Qxf7 $18 Qc7 ({But not} 31... gxh6 $2 32. Rxe6 Rxg5+ 33. Kh1 $18) 32. Qxe6 $2 ({White must play} 32. Qh5 $18 g6 33. Qg4 bxa3 34. bxa3) 32... Nf4 $1 $14 {[%cal Rf4e6]} 33. Bxf4 $1 Qxf4 34. Qe5 ({Better is} 34. Re4 $14 Qf3 35. Kf1 Qh1+ 36. Ke2 Qh5+ 37. Kd2 bxa3 38. bxa3) 34... Qg4+ $11 {The position is equal.} 35. Kh2 {Hoping for Re4.} Rb6 $36 {[%mdl 2048] Black is pushing.} 36. Qg3 Rxh6+ 37. Kg2 Qxd4 38. Re4 Qxb2 39. Rxb4 Qc2 40. Ree4 Rf8 41. Rh4 {aiming for Rxh6+.} Qc6+ 42. Kg1 Rff6 43. Rxh6+ Rxh6 {[%csl Gc6][%cal Rh6h1]} 44. Rh4 {Accuracy: White = 47%, Black = 52%.} 1/2-1/2

[Event "IIFL Wealth 4th Mumbai GM"]
[Site "Mumbai"]
[Date "2018.12.31"]
[Round "2"]
[White "Divya Deshmukh"]
[Black "Triton, Maxime"]
[Result "1-0"]
[WhiteElo "2190"]
[BlackElo "1937"]
[Annotator "NA"]
[PlyCount "48"]
[EventDate "2018.12.30"]
[EventType "swiss"]
[EventCountry "IND"]
[SourceTitle "playchess.com"]
[Source "ChessBase"]
[SourceQuality "1"]
[TimeControl "40/5400+30:1800+30"]

1. e4 {[%emt 0:00:00]} c5 {[%emt 0:00:00]} 2. Nf3 {[%emt 0:00:00]} e6 {[%emt 0:00:00]} 3. d4 {[%emt 0:00:00]} cxd4 {[%emt 0:00:00]} 4. Nxd4 {[%emt 0:00:00]} Nc6 {[%emt 0:00:09]} 5. Nc3 {[%emt 0:00:01]} Qc7 {[%emt 0:00:08]} 6. Be2 {[%emt 0:00:40]} a6 {[%emt 0:00:11]} 7. Be3 {[%emt 0:00:08]} Nf6 {[%emt 0:01:04]} 8. O-O {[%emt 0:00:16]} Be7 {[%emt 0:01:34]} 9. f4 {[%emt 0:02:08]} d6 {[%emt 0:00:41]} 10. Qe1 {[%emt 0:01:34]} O-O {[%emt 0:04:57]} 11. Qg3 {[%emt 0:01:56]} Bd7 {[%emt 0:04:13]} 12. Rad1 {[%emt 0:07:12]} b5 {[%emt 0:03:27]} 13. a3 {[%emt 0:00:13]} Rac8 {[%emt 0:02:38]} 14. Bf3 {[%emt 0:15:02]} Na5 {[%emt 0:13:10]} 15. e5 {[%emt 0:02:06]} Ne8 {[%emt 0:03:16]} 16. exd6 {[%emt 0:04:01]} Nxd6 {[%emt 0:19:30]} 17. f5 {[%emt 0:03:28]} Ndc4 {[%emt 0:03:55]} 18. Bf4 {[%emt 0:04:28]} Qa7 {[%emt 0:15:30]} 19. Bh6 {[%emt 0:00:18]} g6 {[%emt 0:03:46]} 20. fxg6 {[%emt 0:17:47]} hxg6 {[%emt 0:01:16]} 21. Be4 {[%emt 0:03:52]} Bd6 {[%emt 0:06:44]} 22. Qf2 {[%emt 0:00:09]} Be5 {[%emt 0:06:03]} 23. Bxf8 {[%emt 0:01:00]} Rxf8 {[%emt 0:00:05]} 24. Bxg6 {[%emt 0:00:45]} f5 1-0

[Event "IIFL Wealth 4th Mumbai GM"]
[Site "Mumbai"]
[Date "2018.12.31"]
[Round "2"]
[White "Subhayan Kundu"]
[Black "Gajek, Radoslaw"]
[Result "1/2-1/2"]
[WhiteElo "2185"]
[BlackElo "2475"]
[Annotator "TA"]
[PlyCount "113"]
[EventDate "2018.12.30"]
[EventType "swiss"]
[EventCountry "IND"]
[SourceTitle "playchess.com"]
[Source "ChessBase"]
[SourceQuality "1"]

{[%evp 22,113,34,12,22,31,41,37,31,24,74,64,66,54,98,15,31,33,55,66,112,0,68,59,150,147,292,297,288,287,288,231,249,181,183,25,25,42,45,0,18,20,32,18,25,0,10,0,0,0,0,0,0,0,0,0,0,0,0,0,0,-7,-7,-7,-8,-7,-8,-9,-9,-62,-7,-8,-7,-7,-7,-7,-7,-8,-8,-9,0,-9,0,-23,-23,-23,-23,-23,-23,-23,0,0,0,0]} 1. e4 c5 2. Nf3 d6 3. d4 cxd4 4. Nxd4 Nf6 5. Nc3 a6 6. h3 {[%cal Bh2h3,Bh3h4,Bh4h5,Bh5h6][%mdl 32]} e6 7. g4 Be7 {B81: Sicilian Scheveningen: Keres Attack} (7... h6 8. Bg2 Be7 9. Be3 Nc6 10. Qe2 Nxd4 11. Bxd4 e5 12. Be3 b5 13. O-O-O b4 14. Nd5 Nxd5 15. exd5 O-O 16. Be4 {½-½ (32) Duda,J (2717)-Wojtaszek,R (2736) Katowice 2017}) 8. g5 Nfd7 9. Be3 b5 10. a3 Bb7 11. h4 Nc6 12. Nxc6 {LiveBook: 19 Games} Bxc6 13. Qd4 O-O 14. O-O-O Rb8 15. h5 $1 Bxg5 16. h6 $146 {[%csl Gh6][%cal Rd4g7]} Qf6 17. hxg7 Rfd8 $1 {[#]} 18. Bxg5 (18. Qd2 $1 $16 Bxe3 19. Qxe3) 18... Qxg5+ $11 19. Kb1 Ne5 20. Be2 $36 {[%mdl 2048] White is pushing.} Qxg7 21. Rh3 (21. Qa7 $16) 21... Ng6 (21... a5 $1 $11) 22. Qa7 $14 b4 ({Better is} 22... Rdc8 $14) 23. axb4 $16 Bb5 (23... Qe5 $16 {might work better.}) 24. Bxb5 $18 axb5 25. Rdh1 Ra8 26. Qc7 Qd4 27. Rxh7 {[%csl Gh7][%cal Rc7f7] [#]} Qxf2 28. Nd1 $2 ({Resist} 28. Nxb5 $6 Rac8 $14) (28. R7h6 $18 Kg7 29. R6h2 (29. Nxb5 Rac8 $14)) 28... Qa7 $11 29. Qxa7 Rxa7 30. c3 Kf8 31. Ne3 Ne5 32. Rf1 Rda8 33. Kc2 Ra1 34. Rxa1 Rxa1 {[%mdl 4096] Endgame KRN-KRN} 35. Rh8+ Ke7 36. Rb8 Re1 37. Kd2 Rh1 38. Rxb5 Rh2+ 39. Kd1 Rxb2 40. Rb7+ Kf6 41. b5 Kg5 42. Nc2 $1 Kf4 43. Nb4 $1 Kxe4 44. Kc1 Rg2 {Threatens to win with ...f5.} 45. b6 (45. Rc7 $1 $11 Nd3+ 46. Nxd3 Kxd3 47. b6) 45... Rg8 ({Black should play} 45... Nc4 $15 46. Rd7 Nxb6 47. Rxd6 Nd5 48. Nxd5 exd5) 46. Rc7 {aiming for b7.} Rb8 47. b7 {Strongly threatening Na6.} Nd3+ $1 48. Nxd3 Kxd3 49. Rxf7 Kxc3 {KR-KR} 50. Rd7 d5 51. Re7 d4 (51... Kd3 {seems wilder.} 52. Kd1 Kd4 53. Kd2 Kc5 54. Rxe6 Rxb7 55. Ra6 Kd4) 52. Rxe6 Rxb7 53. Ra6 Rb3 54. Ra8 Kd3 55. Rh8 Kc4 56. Rc8+ Kd5 57. Kd2 {Accuracy: White = 57%, Black = 40%.} 1/2-1/2

[Event "IIFL Wealth 4th Mumbai GM"]
[Site "Mumbai"]
[Date "2018.12.31"]
[Round "2"]
[White "Surendran N"]
[Black "Lama, Milan"]
[Result "1/2-1/2"]
[WhiteElo "2176"]
[BlackElo "1897"]
[Annotator "NA"]
[PlyCount "65"]
[EventDate "2018.12.30"]
[EventType "swiss"]
[EventCountry "IND"]
[SourceTitle "playchess.com"]
[Source "ChessBase"]
[SourceQuality "1"]
[TimeControl "40/5400+30:1800+30"]

1. d4 {[%emt 0:00:51]} d5 {[%emt 0:00:00]} 2. Nf3 {[%emt 0:00:19]} Nf6 {[%emt 0:00:00]} 3. c4 {[%emt 0:00:04]} dxc4 {[%emt 0:00:00]} 4. e3 {[%emt 0:00:21]} Bg4 {[%emt 0:01:40]} 5. Bxc4 {[%emt 0:00:23]} e6 {[%emt 0:03:14]} 6. h3 {[%emt 0:04:45]} Bh5 {[%emt 0:00:59]} 7. Nbd2 {[%emt 0:02:12]} a6 {[%emt 0:04:34]} 8. O-O {[%emt 0:01:11]} Nc6 {[%emt 0:00:59]} 9. a3 {[%emt 0:00:56]} Bd6 {[%emt 0:01:31]} 10. b4 {[%emt 0:06:29]} O-O {[%emt 0:03:30]} 11. Bb2 {[%emt 0:00:08]} Re8 {[%emt 0:05:16]} 12. Qb3 {[%emt 0:04:46]} Bg6 {[%emt 0:13:48]} 13. Rad1 {[%emt 0:11:50]} a5 {[%emt 0:17:44]} 14. Ne5 {[%emt 0:17:11]} axb4 {[%emt 0:03:20]} 15. axb4 {[%emt 0:00:31]} Bxe5 {[%emt 0:03:16]} 16. dxe5 {[%emt 0:00:15]} Nd7 {[%emt 0:00:09]} 17. f4 {[%emt 0:15:30]} Qe7 {[%emt 0:02:05]} 18. Bc3 {[%emt 0:00:25]} Nb6 {[%emt 0:01:14]} 19. e4 {[%emt 0:02:47]} h6 {[%emt 0:09:26]} 20. f5 {[%emt 0:04:33]} Bh7 {[%emt 0:00:10]} 21. Rf3 {[%emt 0:08:09]} Nxc4 {[%emt 0:12:01]} 22. Nxc4 {[%emt 0:00:34]} Na7 {[%emt 0:04:18]} 23. Rdf1 {[%emt 0:13:38]} Nb5 {[%emt 0:02:31]} 24. Rg3 {[%emt 0:00:17]} Qd7 {[%emt 0:03:20]} 25. Bb2 {[%emt 0:00:15]} Kh8 {[%emt 0:03:54]} 26. Qe3 {[%emt 0:01:57]} Rg8 {[%emt 0:01:40]} 27. Rf4 {[%emt 0:02:17]} Qc6 {[%emt 0:01:49]} 28. Na5 {[%emt 0:00:21]} Qc2 {[%emt 0:00:18]} 29. Rf2 {[%emt 0:00:31]} Qd1+ {[%emt 0:00:34]} 30. Rf1 {[%emt 0:00:37]} Qc2 {[%emt 0:00:05]} 31. Rf2 {[%emt 0:00:06]} Qd1+ {[%emt 0:00:12]} 32. Rf1 {[%emt 0:00:01]} Qc2 {[%emt 0:00:10]} 33. Rf2 {[%emt 0:01:32]} 1/2-1/2

[Event "IIFL Wealth 4th Mumbai GM"]
[Site "Mumbai"]
[Date "2018.12.31"]
[Round "2"]
[White "Subrota, Biswas"]
[Black "Arya Nirag Shah"]
[Result "0-1"]
[WhiteElo "2171"]
[BlackElo "1812"]
[Annotator "NA"]
[PlyCount "60"]
[EventDate "2018.12.30"]
[EventType "swiss"]
[EventCountry "IND"]
[SourceTitle "playchess.com"]
[Source "ChessBase"]
[SourceQuality "1"]
[TimeControl "40/5400+30:1800+30"]

1. e4 {[%emt 0:00:00]} c5 {[%emt 0:00:00]} 2. Nf3 {[%emt 0:00:00]} d6 {[%emt 0:00:00]} 3. d4 {[%emt 0:00:06]} Nf6 {[%emt 0:00:00]} 4. Nc3 {[%emt 0:00:02]} cxd4 {[%emt 0:00:00]} 5. Nxd4 {[%emt 0:00:18]} Nc6 {[%emt 0:00:03]} 6. Bg5 {[%emt 0:01:59]} Bd7 {[%emt 0:00:20]} 7. Qd2 {[%emt 0:05:03]} Rc8 {[%emt 0:00:24]} 8. O-O-O {[%emt 0:01:51]} Nxd4 {[%emt 0:00:26]} 9. Qxd4 {[%emt 0:00:02]} Qa5 {[%emt 0:00:15]} 10. Bxf6 {[%emt 0:04:28]} gxf6 {[%emt 0:00:17]} 11. Kb1 {[%emt 0:00:02]} Qc5 {[%emt 0:01:10]} 12. Qd2 {[%emt 0:08:39]} Bg7 {[%emt 0:01:35]} 13. f4 {[%emt 0:03:22]} f5 {[%emt 0:01:36]} 14. e5 {[%emt 0:01:39]} O-O {[%emt 0:00:13]} 15. exd6 {[%emt 0:01:20]} e6 {[%emt 0:02:26]} 16. Ne2 {[%emt 0:06:51]} Rfd8 {[%emt 0:15:41]} 17. Nc1 {[%emt 0:02:25]} Ba4 {[%emt 0:05:22]} 18. Nb3 {[%emt 0:03:49]} Bxb3 {[%emt 0:00:30]} 19. axb3 {[%emt 0:00:30]} Rc6 {[%emt 0:05:03]} 20. d7 {[%emt 0:02:05]} Rxd7 {[%emt 0:07:15]} 21. Qc1 {[%emt 0:01:30]} Rdd6 {[%emt 0:02:11]} 22. Rxd6 {[%emt 0:03:38]} Rxd6 {[%emt 0:05:53]} 23. Be2 {[%emt 0:08:17]} a5 {[%emt 0:06:44]} 24. Re1 Kf8 25. Rd1 {[%emt 0:03:10]} Rxd1 {[%emt 0:00:35]} 26. Qxd1 {[%emt 0:00:03]} Qd4 {[%emt 0:00:05]} 27. Qxd4 {[%emt 0:00:59]} Bxd4 {[%emt 0:00:04]} 28. g4 {[%emt 0:07:08]} fxg4 {[%emt 0:00:47]} 29. Bxg4 {[%emt 0:00:02]} f5 {[%emt 0:00:11]} 30. Bf3 {[%emt 0:01:53]} Be3 {[%emt 0:01:03]} 0-1

[Event "IIFL Wealth 4th Mumbai GM"]
[Site "Mumbai"]
[Date "2018.12.31"]
[Round "2"]
[White "Deshpande, Aniruddha"]
[Black "Kulkarni, Vikramaditya"]
[Result "1/2-1/2"]
[WhiteElo "2167"]
[BlackElo "2345"]
[Annotator "NA"]
[PlyCount "83"]
[EventDate "2018.12.30"]
[EventType "swiss"]
[EventCountry "IND"]
[SourceTitle "playchess.com"]
[Source "ChessBase"]
[SourceQuality "1"]
[TimeControl "40/5400+30:1800+30"]

1. d4 {[%emt 0:00:00]} e6 {[%emt 0:00:34]} 2. c4 {[%emt 0:00:00]} d5 {[%emt 0:00:39]} 3. Nf3 {[%emt 0:00:25]} c6 {[%emt 0:00:13]} 4. g3 {[%emt 0:03:47]} Bd6 {[%emt 0:04:11]} 5. Bg2 {[%emt 0:01:34]} f5 {[%emt 0:03:56]} 6. O-O {[%emt 0:01:08]} Nf6 {[%emt 0:00:15]} 7. Nc3 {[%emt 0:02:41]} O-O {[%emt 0:01:44]} 8. Qc2 {[%emt 0:01:51]} b6 {[%emt 0:05:59]} 9. cxd5 {[%emt 0:04:48]} exd5 {[%emt 0:00:25]} 10. Bf4 {[%emt 0:01:49]} Bxf4 {[%emt 0:03:08]} 11. gxf4 {[%emt 0:03:02]} a5 {[%emt 0:02:45]} 12. Ne5 {[%emt 0:03:57]} Ra7 {[%emt 0:01:25]} 13. a3 {[%emt 0:10:21]} Ng4 {[%emt 0:04:49]} 14. e3 {[%emt 0:24:03]} Qh4 {[%emt 0:05:31]} 15. Nf3 {[%emt 0:03:44]} Qe7 {[%emt 0:09:49]} 16. h3 {[%emt 0:07:03]} Nf6 {[%emt 0:00:57]} 17. Na4 {[%emt 0:00:57]} Qc7 {[%emt 0:08:39]} 18. Rfc1 {[%emt 0:01:52]} Ne4 {[%emt 0:01:44]} 19. Qb3 {[%emt 0:07:56]} Rb7 {[%emt 0:04:40]} 20. Rc2 {[%emt 0:03:26]} Bd7 {[%emt 0:10:22]} 21. Rac1 {[%emt 0:01:14]} Kh8 {[%emt 0:01:31]} 22. Ne5 {[%emt 0:06:24]} Be8 {[%emt 0:01:17]} 23. Nc3 {[%emt 0:01:09]} Qd6 {[%emt 0:04:36]} 24. Na4 {[%emt 0:00:36]} Qe7 {[%emt 0:03:46]} 25. f3 {[%emt 0:04:59]} Nd6 {[%emt 0:01:27]} 26. Nc3 {[%emt 0:00:23]} h6 {[%emt 0:07:48]} 27. Ne2 {[%emt 0:00:15]} Kh7 {[%emt 0:00:35]} 28. Qd3 {[%emt 0:01:33]} g5 {[%emt 0:04:15]} 29. Kh2 {[%emt 0:00:44]} Qf6 {[%emt 0:01:18]} 30. Rg1 {[%emt 0:01:01]} Rg7 {[%emt 0:01:17]} 31. Qb3 {[%emt 0:00:50]} Qd8 {[%emt 0:00:50]} 32. Bf1 {[%emt 0:00:35]} b5 {[%emt 0:01:32]} 33. Qd3 {[%emt 0:00:34]} a4 {[%emt 0:00:24]} 34. Qc3 {[%emt 0:00:54]} Rfg8 {[%emt 0:01:06]} 35. Qe1 {[%emt 0:00:11]} Nc4 {[%emt 0:01:13]} 36. Qf2 {[%emt 0:00:27]} Qf6 {[%emt 0:01:03]} 37. Nc1 {[%emt 0:00:37]} gxf4 {[%emt 0:00:29]} 38. Rxg7+ {[%emt 0:00:12]} Rxg7 {[%emt 0:01:11]} 39. exf4 {[%emt 0:00:03]} Nd7 {[%emt 0:00:49]} 40. Ncd3 {[%emt 0:00:00]} Nf8 {[%emt 0:00:00]} 41. Nc5 {[%emt 0:05:47]} Nd6 {[%emt 0:07:41]} 42. Qe1 {[%emt 0:02:02]} 1/2-1/2